000 01209nam a2200265Ia 4500
999 _c54783
_d54783
001 21851
003 GE_BSU
005 20220524162946.0
008 181216s ||||ge |||||||||||||| ||geo||
020 _a978-99941-10-050-5
040 _cGE_BSU
041 _ageo
080 _a811.353.1-8(075.3) მ-40
100 _aმაღლაკელიძე, ნათელა
_913562
245 _aქართული 3 კლასი /
_cნათელა მაღლაკელიძე, ცისანა ყურაშვილი, ელენე მაღლაკელიძე.
264 _aთბილისი :
_bმერიდიანი,
_c2008.
300 _a176 გვ. :
_bილ. ;
_c28 სმ
500 _aწანართი : საქართველოს სახელმწიფო ჰიმნი "თავისუფლება"
541 _h8 ლ.
653 _aქართული 3 კლასი
653 _aქართული ენა
700 _aყურაშვილი, ცისანა
_eავტორი
_913810
700 _aმაღლაკელიძე, ელენე
_eავტორი
_913811
942 _cBK
_2udc